000 00874nam a22002531 4500
001 176849
003 ES-MaACL
005 20230906220209.0
008 110215s1959 sp af ||||0| spa d
080 _a75.036.7
100 1 _aGrohmann, Will.
_960117
245 1 4 _aLos expresionistas /
_ctexto de Will Grohmann ; traducción de R. S. Torroella.
260 _aBarcelona :
_bTimun Mas,
_c[1959?]
300 _a[74] p. :
_bil. , lám. col. y n. , algunas pleg. ;
_c18 cm.
490 1 _aEl libro de arte de bolsillo
500 _aEncuadernado con otros títulos.
504 _aBibliografía: p. [74]
597 _aEn el lomo: Tomos XVI-XIX.
650 4 _aExpresionismo (Arte)
_9145189
700 1 _aSantos Torroella, Rafael.
_9103536
830 0 _aEl libro de arte de bolsillo
_9183601
852 _aES-MaACL
_jE-14308 (17)
_xOlim P-144
999 _c176849
_d176849